000 00544nam a22001817a 4500
003 CEME
005 20210628204147.0
008 210112b xxu||||| |||| 00| 0 eng d
020 _a9781741752182
040 _cceme
082 _a808.06665 JAM
100 _aJames, Neil
_969023
245 _aWriting at work , how to write clearly, effectively and professionally
260 _aAUSTRALIA
_bALLEN & UNWIN
_c2008
300 _a374P
650 _aWRITING AT WORK.HOW TO WRITE CLEARLY, EFFECTIVELY AND PROFESSIONALLY.
_969024
942 _cBK
_2ddc
999 _c576448
_d576448